Statistiques concernant Dynasties des Rois de Hongrie.

Cliquez ici pour prendre le quiz!

Statistiques générales

  • Ce quiz a été pris 108 fois
  • Le résultat moyen est 5 sur 9

Statistiques - réponses

DatesRègne% Correct
1438 - 1439Habsbourg
91%
1444 - 1457Habsbourg
91%
1526 - 1918Habsbourg
91%
1308 - 1386Anjou
65%
1439 - 1444Jagellon
48%
1490 - 1526Jagellon
48%
1001 - 1301Árpád
45%
1386 - 1437Luxembourg
39%
1458 - 1490Hunyadi
28%

Distribution des résultats

Percentile par nombre de réponses

% des personnes avec chaque résultat

Votre développement - résultats

Vous n’avez pas pris ce quiz